[Event "Arvier Grand Paradis op"]
[Site "Arvier"]
[Date "2014.07.26"]
[Round "8"]
[White "Bellia, Mario"]
[Black "Trovero, Leo"]
[Result "0-1"]
[WhiteElo "1481"]
[BlackElo "1756"]
[PlyCount "90"]
[EventDate "2014.07.19"]
[EventType "swiss"]
[EventRounds "8"]
[EventCountry "ITA"]
[SourceTitle "EXT 2016"]
[Source "ChessBase"]
[SourceDate "2015.10.08"]
[SourceVersion "1"]
[SourceVersionDate "2015.10.08"]
[SourceQuality "1"]

1. b3 d5 2. Bb2 Nf6 3. Nf3 c6 4. d3 h6 5. Nbd2 Bf5 6. h3 e6 7. e3 Be7 8. a4 Nbd7 9. c4 0-0 10. Rc1 Nc5 11. Qc2 dxc4 12. Qxc4 Bxd3 13. Qd4 Bxf1 14. Rxf1 Qxd4 15. Bxd4 Nd3+ 16. Ke2 Nxc1+ 17. Rxc1 Rfd8 18. g4 Nd5 19. Nc4 Bf6 20. Nce5 Bxe5 21. Nxe5 f6 22. Nc4 e5 23. Bc5 b6 24. Ba3 c5 25. Rc2 Rd7 26. f3 Rad8 27. Bc1 Nb4 28. Rd2 Rxd2+ 29. Bxd2 Kf7 30. Nb2 Ke6 31. e4 Nc6 32. Ke3 Nd4 33. b4 Nc2+ 34. Ke2 Nxb4 35. f4 Rd4 36. f5+ Kd7 37. Bc3 Rxe4+ 38. Kf3 Rf4+ 39. Kg3 Nc2 40. Bd2 Rd4 41. Bc3 Rd5 42. h4 a6 43. g5 b5 44. gxf6 gxf6 45. Kg4 b4 0-1

[Event "Arvier Grand Paradis op"]
[Site "Arvier"]
[Date "2014.07.22"]
[Round "4"]
[White "Trovero, Leo"]
[Black "Ciuffoletti, Paolo"]
[Result "0-1"]
[WhiteElo "1756"]
[BlackElo "2171"]
[PlyCount "54"]
[EventDate "2014.07.19"]
[EventType "swiss"]
[EventRounds "8"]
[EventCountry "ITA"]
[SourceTitle "EXT 2016"]
[Source "ChessBase"]
[SourceDate "2015.10.08"]
[SourceVersion "1"]
[SourceVersionDate "2015.10.08"]
[SourceQuality "1"]

1. e4 c5 2. Nc3 Nc6 3. g3 g6 4. Bg2 Bg7 5. d3 d6 6. Be3 e6 7. Qd2 Nd4 8. Nge2 Ne7 9. Nd1 Nec6 10. c3 Nxe2 11. Qxe2 b6 12. 0-0 0-0 13. Qd2 Ba6 14. f4 Rc8 15. f5 Ne5 16. Nf2 d5 17. Bg5 f6 18. fxe6 fxg5 19. exd5 Nf3+ 20. Bxf3 Rxf3 21. c4 Bb7 22. Ne4 g4 23. Rxf3 gxf3 24. Qf4 Bxd5 25. cxd5 Qxd5 26. Qd6 Qd4+ 27. Kf1 Qxb2 0-1

[Event "Arvier Grand Paradis op"]
[Site "Arvier"]
[Date "2014.07.19"]
[Round "1"]
[White "Gromovs, Sergejs"]
[Black "Trovero, Leo"]
[Result "1-0"]
[WhiteElo "2217"]
[BlackElo "1756"]
[PlyCount "59"]
[EventDate "2014.07.19"]
[EventType "swiss"]
[EventRounds "8"]
[EventCountry "ITA"]
[SourceTitle "EXT 2016"]
[Source "ChessBase"]
[SourceDate "2015.10.08"]
[SourceVersion "1"]
[SourceVersionDate "2015.10.08"]
[SourceQuality "1"]

1. d4 d5 2. c4 c6 3. Nf3 Nf6 4. Nc3 dxc4 5. a4 Bf5 6. Ne5 Nbd7 7. Nxc4 e6 8. f3 Bb4 9. e4 Bg6 10. Be3 Qe7 11. Qb3 a5 12. Be2 e5 13. 0-0 exd4 14. Bxd4 Nc5 15. Qc2 Ne6 16. Bf2 0-0 17. Rfd1 Rfd8 18. Kh1 Nf4 19. Bg1 Rxd1 20. Rxd1 Rd8 21. Rxd8+ Qxd8 22. Bb6 Qd7 23. Bxa5 Bxa5 24. Nxa5 N4d5 25. Qd3 Nxc3 26. bxc3 Nd5 27. c4 b6 28. cxd5 bxa5 29. dxc6 Qe8 30. c7 1-0

[Event "Milan SSM op 07"]
[Site "Milan"]
[Date "2014.07.06"]
[Round "5"]
[White "Frignani, Alessandro"]
[Black "Trovero, Leo"]
[Result "0-1"]
[WhiteElo "1470"]
[BlackElo "1756"]
[PlyCount "98"]
[EventDate "2014.07.03"]
[EventType "swiss"]
[EventRounds "5"]
[EventCountry "ITA"]
[SourceTitle "EXT 2016"]
[Source "ChessBase"]
[SourceDate "2015.10.08"]
[SourceVersion "1"]
[SourceVersionDate "2015.10.08"]
[SourceQuality "1"]

1. e4 c5 2. Nc3 e6 3. Bc4 a6 4. Qf3 b5 5. e5 Nc6 6. Bd3 Bb7 7. Qg3 Qc7 8. f4 Nge7 9. Nf3 Nb4 10. a3 Nxd3+ 11. cxd3 d6 12. b3 Nf5 13. Qf2 dxe5 14. Nxe5 Nd4 15. Rb1 Bd6 16. Nf3 Bxf3 17. gxf3 Bxf4 18. Ne4 Qe5 19. 0-0 f5 20. Ng3 Bxg3 21. hxg3 0-0 22. Bb2 Qd5 23. Bxd4 Qxd4 24. Qe3 Rad8 25. Qxd4 Rxd4 26. Rf2 Rxd3 27. Kg2 Rfd8 28. Rb2 Kf7 29. Re2 Kf6 30. Kf2 R8d5 31. a4 b4 32. f4 a5 33. Kg2 e5 34. fxe5+ Rxe5 35. Rf2 g5 36. Rf1 Red5 37. Rf2 h5 38. Kh2 g4 39. Kg2 Kg5 40. Kh2 h4 41. gxh4+ Kxh4 42. Kg2 Kg5 43. Kf1 f4 44. Ke2 f3+ 45. Kd1 Kf4 46. Rh2 Kg3 47. Rh8 f2 48. Rf8 Rf3 49. Rxf3+ Kxf3 0-1

[Event "Arvier Amatori op 4th"]
[Site "Arvier"]
[Date "2014.01.03"]
[Round "3"]
[White "Scalfi, Agostino"]
[Black "Trovero, Leo"]
[Result "0-1"]
[WhiteElo "1882"]
[BlackElo "1744"]
[PlyCount "22"]
[EventDate "2014.01.02"]
[EventType "swiss"]
[EventRounds "5"]
[EventCountry "ITA"]
[SourceTitle "EXT 2015"]
[Source "ChessBase"]
[SourceDate "2014.11.20"]
[SourceVersion "1"]
[SourceVersionDate "2014.11.20"]
[SourceQuality "1"]

1. e4 c5 2. Nf3 g6 3. d4 cxd4 4. Nxd4 Bg7 5. Be3 Nc6 6. Nc3 Nf6 7. Qd2 0-0 8. h4 d5 9. Nxc6 bxc6 10. e5 Ng4 11. f4 Nxe3 0-1

[Event "Quarantennale op-B"]
[Site "Cirie"]
[Date "2013.04.30"]
[Round "5"]
[White "Trovero, Leo"]
[Black "Palma, Maria"]
[Result "1-0"]
[WhiteElo "1637"]
[BlackElo "1585"]
[PlyCount "111"]
[EventDate "2013.04.27"]
[EventType "swiss"]
[EventRounds "6"]
[EventCountry "ITA"]
[SourceTitle "EXT 2024"]
[Source "ChessBase"]
[SourceDate "2023.10.10"]
[SourceVersion "1"]
[SourceVersionDate "2023.10.10"]
[SourceQuality "1"]

1. e4 e5 2. Nf3 Nc6 3. Bb5 Bc5 4. 0-0 Qf6 5. Nc3 Nge7 6. d3 h6 7. Na4 Bb6 8. Nxb6 axb6 9. c3 0-0 10. d4 exd4 11. cxd4 d6 12. h3 Ng6 13. Re1 Nh4 14. Nxh4 Qxh4 15. d5 Nb4 16. Bd2 Na6 17. Bc3 f6 18. b4 Qg5 19. Qf3 Qg6 20. Rac1 Qf7 21. Rc2 Bd7 22. Bxd7 Qxd7 23. Rec1 Rac8 24. Bd2 c5 25. dxc6 bxc6 26. Qd3 Nb8 27. Bf4 Rfd8 28. Rd2 Qe6 29. Bxd6 Rd7 30. Qb3 Qxb3 31. axb3 Rcd8 32. Rcd1 g5 33. Kf1 Kf7 34. Ke2 Re8 35. Bxb8 Rxd2+ 36. Rxd2 Rxb8 37. Rc2 c5 38. bxc5 bxc5 39. Rc3 Ke6 40. Kd3 Kd6 41. g3 Kc6 42. f4 gxf4 43. gxf4 Rd8+ 44. Ke3 Kb5 45. Kf3 Kb4 46. Re3 Rg8 47. e5 Rf8 48. e6 Kb5 49. e7 Re8 50. Kg4 Kb4 51. Kf5 Rxe7 52. Rxe7 Kxb3 53. Rc7 c4 54. Kxf6 Kb4 55. Kg6 c3 56. f5 1-0

[Event "Ceriano Laghetto op-B 22nd"]
[Site "Ceriano Laghetto"]
[Date "2013.03.03"]
[Round "5"]
[White "Ronconi, Fausto"]
[Black "Trovero, Leo"]
[Result "0-1"]
[WhiteElo "1687"]
[BlackElo "1635"]
[PlyCount "88"]
[EventDate "2013.03.01"]
[EventType "swiss"]
[EventRounds "5"]
[EventCountry "ITA"]
[SourceTitle "EXT 2024"]
[Source "ChessBase"]
[SourceDate "2023.10.10"]
[SourceVersion "1"]
[SourceVersionDate "2023.10.10"]
[SourceQuality "1"]

1. d4 Nf6 2. c4 g6 3. Nc3 Bg7 4. Nf3 d6 5. g3 0-0 6. Bg2 Nbd7 7. 0-0 e5 8. Bg5 h6 9. dxe5 dxe5 10. Bxf6 Qxf6 11. Nd5 Qd8 12. Rc1 c6 13. Nc3 Qe7 14. Ne4 Nc5 15. Qd6 Qxd6 16. Nxd6 e4 17. Nd2 Bxb2 18. Rb1 Be5 19. N2xe4 Nxe4 20. Nxe4 Rd8 21. Rfd1 Rxd1+ 22. Rxd1 Be6 23. f4 Bc7 24. c5 Kf8 25. Nd6 Bxd6 26. cxd6 Bxa2 27. Rd2 Bc4 28. e4 a5 29. e5 a4 30. Rc2 a3 31. Rxc4 a2 32. Rc1 a1Q 33. Rxa1 Rxa1+ 34. Kf2 Ra2+ 35. Kf3 c5 36. Bh3 Rxh2 37. Bg2 c4 38. g4 Rxg2 39. Kxg2 c3 40. f5 gxf5 41. gxf5 c2 42. Kf3 c1Q 43. Ke4 Qc6+ 44. Kf4 b5 0-1

[Event "Ivrea Autumn Cup 23rd"]
[Site "Ivrea"]
[Date "2012.10.27"]
[Round "5"]
[White "Paonessa, Denis"]
[Black "Trovero, Leo"]
[Result "1-0"]
[WhiteElo "1845"]
[BlackElo "1596"]
[PlyCount "57"]
[EventDate "2012.09.22"]
[EventType "swiss"]
[EventRounds "9"]
[EventCountry "ITA"]
[SourceTitle "EXT 2014"]
[Source "ChessBase"]
[SourceDate "2013.11.20"]
[SourceVersion "1"]
[SourceVersionDate "2013.11.20"]
[SourceQuality "1"]

1. e4 c5 2. Nf3 d6 3. d4 cxd4 4. Nxd4 Nf6 5. Nc3 g6 6. Be3 Bg7 7. f3 Nc6 8. Qd2 Bd7 9. g4 Rc8 10. 0-0-0 Ne5 11. h4 Nc4 12. Bxc4 Rxc4 13. h5 Qa5 14. Nb3 Qc7 15. hxg6 fxg6 16. g5 Nh5 17. Nd5 Qc6 18. Kb1 b6 19. Nd4 Bxd4 20. Bxd4 Rf8 21. Rhf1 e5 22. Be3 Bh3 23. Rf2 Kd7 24. b3 Qb5 25. a4 Rxa4 26. Nf6+ Nxf6 27. Qxd6+ Kc8 28. Qxf8+ Ne8 29. Rfd2 1-0

[Event "Ivrea Autumn Cup 23rd"]
[Site "Ivrea"]
[Date "2012.10.13"]
[Round "3"]
[White "Trovero, Leo"]
[Black "Gennaro, Isabella"]
[Result "1/2-1/2"]
[WhiteElo "1596"]
[BlackElo "1651"]
[PlyCount "73"]
[EventDate "2012.09.22"]
[EventType "swiss"]
[EventRounds "9"]
[EventCountry "ITA"]
[SourceTitle "EXT 2014"]
[Source "ChessBase"]
[SourceDate "2013.11.20"]
[SourceVersion "1"]
[SourceVersionDate "2013.11.20"]
[SourceQuality "1"]

1. e4 c5 2. Nf3 Nc6 3. d4 cxd4 4. Nxd4 Nf6 5. Nc3 e5 6. Ndb5 d6 7. Bg5 a6 8. Na3 b5 9. Nd5 Be7 10. Bxf6 Bxf6 11. c4 b4 12. Nc2 a5 13. Be2 0-0 14. Bg4 Bg5 15. Bxc8 Rxc8 16. Qd3 Ne7 17. Rd1 Nxd5 18. Qxd5 Rc5 19. Qd3 f5 20. h4 fxe4 21. Qxe4 Rf4 22. Qd3 Rxh4 23. Rxh4 Bxh4 24. Qxd6 Qxd6 25. Rxd6 Rxc4 26. Ne3 Rc5 27. Rd5 Rxd5 28. Nxd5 Kf7 29. b3 Bd8 30. Ne3 Ke6 31. f3 h5 32. Ke2 g5 33. Kd3 Bb6 34. Nc4 Bc7 35. Ke4 h4 36. Ne3 Bb6 37. Nc4 1/2-1/2

[Event "Piverone op 1st"]
[Site "Piverone"]
[Date "2012.03.11"]
[Round "4"]
[White "Trovero, Leo"]
[Black "Tricerri, Pierino"]
[Result "0-1"]
[WhiteElo "1641"]
[BlackElo "1491"]
[PlyCount "46"]
[EventDate "2012.03.09"]
[EventType "swiss"]
[EventRounds "5"]
[EventCountry "ITA"]
[SourceTitle "EXT 2014"]
[Source "ChessBase"]
[SourceDate "2013.11.20"]
[SourceVersion "1"]
[SourceVersionDate "2013.11.20"]
[SourceQuality "1"]

1. e4 c5 2. Nc3 d6 3. g3 g6 4. Bg2 Bg7 5. f4 Nc6 6. Nf3 Bg4 7. 0-0 Nf6 8. h3 Bxf3 9. Qxf3 Nd4 10. Qd1 Nh5 11. Kh2 0-0 12. Ne2 Ne6 13. g4 Nhxf4 14. Nxf4 Be5 15. d3 g5 16. Qe1 gxf4 17. Bh1 Kh8 18. Bd2 Nd4 19. Bc3 Nxc2 20. Bxe5+ dxe5 21. Qc3 Nxa1 22. Rxf4 Qd4 23. Qxd4 cxd4 0-1

[Event "Ivrea Autumn 22th"]
[Site "Ivrea"]
[Date "2011.10.13"]
[Round "3"]
[White "Calzolari, Marco"]
[Black "Trovero, Leo"]
[Result "0-1"]
[WhiteElo "1711"]
[BlackElo "1556"]
[PlyCount "56"]
[EventDate "2011.09.??"]
[EventType "swiss"]
[EventRounds "8"]
[EventCountry "ITA"]
[SourceTitle "EXT 2024"]
[Source "ChessBase"]
[SourceDate "2023.10.10"]
[SourceVersion "1"]
[SourceVersionDate "2023.10.10"]
[SourceQuality "1"]

1. d4 Nf6 2. c4 e6 3. Nc3 Bb4 4. Qc2 c5 5. e3 Nc6 6. dxc5 Bxc5 7. a3 0-0 8. b4 Be7 9. Nf3 b6 10. Be2 Bb7 11. Bb2 Rc8 12. Qb3 Qc7 13. Rd1 Rfd8 14. 0-0 a6 15. Na4 Ne4 16. Qc2 f5 17. Bd3 Nf6 18. Qe2 d6 19. Nd4 Kf7 20. Nf3 Ne5 21. Ng5+ Kg8 22. b5 axb5 23. cxb5 Bd5 24. Rc1 Qb7 25. f3 h6 26. Nh3 Bb3 27. Nc3 Nxd3 28. Qxd3 Bc4 0-1

[Event "Ivrea Eporediese op 28th"]
[Site "Ivrea"]
[Date "2011.03.12"]
[Round "7"]
[White "Trovero, Leo"]
[Black "Giunto, Stefano"]
[Result "1-0"]
[WhiteElo "1467"]
[BlackElo "1406"]
[PlyCount "107"]
[EventDate "2011.01.27"]
[EventType "swiss"]
[EventRounds "9"]
[EventCountry "ITA"]
[SourceTitle "EXT 2012"]
[Source "ChessBase"]
[SourceDate "2011.11.24"]
[SourceVersion "1"]
[SourceVersionDate "2011.11.24"]
[SourceQuality "1"]

1. d4 d5 2. c4 e6 3. Nc3 Nf6 4. Bg5 Nbd7 5. cxd5 exd5 6. e3 c6 7. Nf3 Be7 8. Bd3 0-0 9. 0-0 Re8 10. Qc2 Nf8 11. Rac1 Ng6 12. h3 Bf8 13. a3 a6 14. b4 b5 15. Ne2 Bb7 16. Bxg6 hxg6 17. Ne5 Rc8 18. Nd3 Qd6 19. Nc5 Qe7 20. Ng3 Red8 21. Rfd1 Rd6 22. e4 dxe4 23. Ngxe4 Rd5 24. Nxf6+ gxf6 25. Nxb7 Qxb7 26. Bxf6 Bd6 27. Qd2 Rh5 28. Re1 Rf5 29. Be5 Rd8 30. Bxd6 Rxd6 31. Qh6 Qb8 32. Re4 g5 33. Re8+ Qxe8 34. Qxd6 Rd5 35. Qxc6 Qxc6 36. Rxc6 Rxd4 37. Rxa6 Rd1+ 38. Kh2 Ra1 39. Kg3 Kg7 40. Kg4 Ra2 41. Kf3 f6 42. Ra5 Kg6 43. Rxb5 Rxa3+ 44. Ke4 Ra4 45. Kd5 Ra2 46. Rb8 Rxf2 47. b5 Rxg2 48. b6 f5 49. b7 f4 50. Rg8+ Kh5 51. b8Q Rd2+ 52. Ke4 Re2+ 53. Kf3 Re3+ 54. Kf2 1-0

[Event "Ivrea Eporediese op 28th"]
[Site "Ivrea"]
[Date "2011.01.29"]
[Round "2"]
[White "Trovero, Leo"]
[Black "Paonessa, Denis"]
[Result "0-1"]
[WhiteElo "1467"]
[BlackElo "1892"]
[PlyCount "134"]
[EventDate "2011.01.27"]
[EventType "swiss"]
[EventRounds "9"]
[EventCountry "ITA"]
[SourceTitle "EXT 2012"]
[Source "ChessBase"]
[SourceDate "2011.11.24"]
[SourceVersion "1"]
[SourceVersionDate "2011.11.24"]
[SourceQuality "1"]

1. d4 Nf6 2. c4 c5 3. d5 e6 4. Nc3 exd5 5. cxd5 d6 6. Bg5 g6 7. e4 a6 8. f4 Nbd7 9. Nf3 Qc7 10. Be2 Bg7 11. 0-0 0-0 12. Qd2 b5 13. a3 Re8 14. Bxf6 Nxf6 15. Bd3 c4 16. Bc2 Nd7 17. Rae1 Nc5 18. Nd4 Bd7 19. f5 Qd8 20. fxg6 hxg6 21. Qf2 Qe7 22. Nf3 Bg4 23. Qh4 Bxf3 24. Qxe7 Bd4+ 25. Kh1 Bxg2+ 26. Kxg2 Rxe7 27. Rf4 Rae8 28. Kf3 Kg7 29. Rf1 Bxc3 30. bxc3 Re5 31. Ke3 R8e7 32. Kd4 Rg5 33. Rf6 Nb7 34. R1f2 Rg1 35. h3 Ra1 36. R6f3 Rxa3 37. Re3 Nc5 38. e5 Nb3+ 39. Bxb3 dxe5+ 40. Rxe5 Rxe5 41. Kxe5 Rxb3 42. d6 Rxc3 43. Kd5 f5 44. Ra2 Rd3+ 45. Kc6 Kf7 46. Rxa6 Ke6 47. Kxb5 Rxd6 48. Ra8 c3 49. Rc8 Rd3 50. Kb4 Rxh3 51. Rxc3 Rxc3 52. Kxc3 g5 53. Kd3 Ke5 54. Ke3 g4 55. Kf2 Kf4 56. Kg2 Ke3 57. Kf1 Kf3 58. Kg1 f4 59. Kf1 g3 60. Kg1 Ke2 61. Kg2 f3+ 62. Kg1 f2+ 63. Kg2 f1Q+ 64. Kxg3 Qf3+ 65. Kh4 Qg2 66. Kh5 Kf3 67. Kh4 Qg4# 0-1

[Event "Ivrea Autumn 21st"]
[Site "Ivrea"]
[Date "2010.11.18"]
[Round "7"]
[White "Trovero, Leo"]
[Black "Caserio, Federico"]
[Result "1-0"]
[WhiteElo "1455"]
[BlackElo "1389"]
[PlyCount "45"]
[EventDate "2010.10.07"]
[EventType "swiss"]
[EventRounds "9"]
[EventCountry "ITA"]
[SourceTitle "EXT 2024"]
[Source "ChessBase"]
[SourceDate "2023.10.10"]
[SourceVersion "1"]
[SourceVersionDate "2023.10.10"]
[SourceQuality "1"]

1. d4 d5 2. c4 e6 3. Nc3 Nf6 4. Bg5 Be7 5. e3 Nbd7 6. Nf3 b6 7. Rc1 c5 8. cxd5 exd5 9. Bb5 0-0 10. 0-0 a6 11. Bc6 Ra7 12. Nxd5 Nxd5 13. Bxe7 Nxe7 14. Bxd7 Rxd7 15. Qc2 Rc7 16. Ng5 Bf5 17. e4 Bg6 18. b4 Qxd4 19. a3 Rfc8 20. Rfd1 Qe5 21. Qd2 h6 22. Qd8+ Rxd8 23. Rxd8# 1-0

[Event "Ivrea Autumn 21st"]
[Site "Ivrea"]
[Date "2010.11.11"]
[Round "6"]
[White "Moratto, Davide"]
[Black "Trovero, Leo"]
[Result "1-0"]
[WhiteElo "1854"]
[BlackElo "1455"]
[PlyCount "47"]
[EventDate "2010.10.07"]
[EventType "swiss"]
[EventRounds "9"]
[EventCountry "ITA"]
[SourceTitle "EXT 2024"]
[Source "ChessBase"]
[SourceDate "2023.10.10"]
[SourceVersion "1"]
[SourceVersionDate "2023.10.10"]
[SourceQuality "1"]

1. e4 d6 2. d4 Nf6 3. Bd3 g6 4. e5 Nd5 5. c4 Nb6 6. Nf3 Bg7 7. h4 N8d7 8. e6 fxe6 9. Ng5 Nf6 10. Nxh7 Kf7 11. Ng5+ Kf8 12. Bxg6 Qd7 13. Qe2 d5 14. c5 Nc4 15. b3 Na5 16. Nd2 Nc6 17. Ndf3 Rh6 18. h5 Ng4 19. Nf7 Nxd4 20. Nxd4 Bxd4 21. Qxg4 Bxa1 22. Bxh6+ Kg8 23. Bh7+ Kxh7 24. Qg6# 1-0